000 002800000a22001090004500
090 _aAR
_b04770
100 1 _aBell, William J.
_998926
245 1 0 _aSearching behavior patterns in insects
041 0 _aInglés
942 _cARTICULO
773 1 _tAnnu. Rev. Entomol.
_q447-467
_d1990
_g35
999 _c13870
_d13870